| 000 | 00476cam a2200181ua 4500 | ||
|---|---|---|---|
| 020 |
_a81 203 1165 5 _c195.00 |
||
| 041 |
_aeng _h |
||
| 082 |
_a004.6 _bTAN/CO |
||
| 100 | _aTanenbaum, Andrew S . | ||
| 245 |
_aComputer networks / _cAndrew S Tanenbaum. _hTextual Documents |
||
| 250 |
_a3 / _b. |
||
| 260 |
_aNew Delhi : _bPrentice Hall of India Pvt Ltd. , _c1997. |
||
| 300 | _a813 ; . | ||
| 365 | _a195.00 | ||
| 504 | _a | ||
| 942 | _cBK | ||
| 999 |
_c9784 _d9784 |
||